Filmbiografien zuordnen - Statistiken

Allgemein
  • Dieses Quiz wurde 71 mal gespielt
  • Das Durchschnittsergebnis liegt bei 12 aus 20
Antwortstatistiken
Hint Extra Hint Antwort % Korrekt
Die zwei Päpste Anthony Hopkins Benedikt XVI.
92%
Bohemian Rhapsody Rami Malek Freddie Mercury
92%
1492 – Die Eroberung des Paradieses Gérard Depardieu Christoph Kolumbus
83%
Back to Black Marisa Abela Amy Winehouse
80%
The King’s Speech Colin Firth Georg VI.
80%
Die Entdeckung der Unendlichkeit Eddie Redmayne Stephen Hawking
80%
Operation Walküre Tom Cruise Claus von Stauffenberg
78%
Blond Ana de Armas Marilyn Monroe
77%
Invictus – Unbezwungen Morgan Freeman Nelson Mandela
58%
Der letzte Kaiser John Lone Puyi
58%
The Apprentice Sebastian Stan Donald Trump
52%
Braveheart Mel Gibson William Wallace
50%
The Wolf of Wall Street Leonardo DiCaprio Jordan Belfort
48%
The Imitation Game – Ein streng geheimes Leben Benedict Cumberbatch Alan Turing
47%
Like A Complete Unknown Timothée Chalamet Bob Dylan
42%
Vice – Der zweite Mann Christian Bale Dick Cheney
42%
Aviator Leonardo DiCaprio Howard Hughes
38%
Saving Mr. Banks Tom Hanks Walt Disney
35%
In Love and War Chris O’Donnell Ernest Hemingway
30%
Wenn Träume fliegen lernen Johnny Depp J. M. Barrie
22%
Keine übereinstimmenden Quizze gefunden
Verteilung der Resultate
Anzahl Personen mit jedem Resultat
Perzentil nach korrekt beantworteten Fragen
Ihre Resultats-Entwicklung
Sie haben dieses Quiz noch nicht gespielt